Sports Quiz

Random Sports or Famous Quiz

Big 4 Coaches - By Bobblehead (pics) Quiz Stats

Quiz not verified by Sporcle

Challenge
Share
Tweet
Score 0/18 Timer 04:00
0 Plays Today
League Person % Correct
NFLVince Lombardi
82.5%
MLBTony La Russa
75.9%
NBAIsiah Thomas
72.5%
NFLBill Cowher
70.4%
NFLDon Shula
67.8%
NFLMike Ditka
63.5%
MLBYogi Berra
57.7%
MLBSparky Anderson
57.4%
NHLWayne Gretzky
56.7%
League Person % Correct
MLBWillie Randolph
46.5%
NHLDon Cherry
40.2%
NHLScotty Bowman
31.3%
MLBCito Gaston
25%
NFLSteve Mariucci
20.6%
NBAJerry Sloan
17.6%
NBARed Auerbach
15.5%
NHLPeter Laviolette Jr.
4.4%
NBAFlip Saunders
3.8%

You're not logged in!

Compare scores with friends on all Sporcle quizzes.
Sign Up with Email
OR
Log In

You Might Also Like...

Show Comments

Extras

Top Quizzes Today


Score Distribution

Your Account Isn't Verified!

In order to create a playlist on Sporcle, you need to verify the email address you used during registration. Go to your Sporcle Settings to finish the process.